• 首页
  • 本馆介绍
  • 公告通知
  • 最新文献
  • 馆藏检索
  • 电子资源
  • 读者导购
  • 参考咨询
  • 我的图书馆
  • 登录
  • 详细信息显示
  • 放入我的书架
  • 预约/预借图书
  • 作者相关作品
  • 分类相关作品
  • 丛书相关作品
  • 出版社相关作品

书目信息

  • 表格格式
  • 工作单格式
  • 卡片格式
题名:
写实主义与印象派时代
    
 
作者: 张坚 著
分册:  
出版信息: 广州   暨南大学出版社  2002
页数: 147页
开本: 20cm
丛书名: 大师·美术
单 册:
中图分类: J110.99
科图分类:
主题词: 艺术--流派--画家--法国
电子资源:
ISBN: 7-81079-169-9
000 00942oam2 2200253 450
001 020000014889
005 20050923094432.28
010    @a7-81079-169-9@dCNY28.00
100    @a20040708d2002 em y0chiy0110 ea
101 0  @achi
102    @aCN@b440000
105    @aa z 000yd
200 1  @a写实主义与印象派时代@9xie shi zhu yi yu yin xiang pai shi dai@e马奈、莫奈、雷诺阿@f张坚著@Fzhang jian zhu
210    @a广州@c暨南大学出版社@d2002
215    @a147页@c图@d20cm
225 2  @a大师·美术@f张坚主编
330    @a本书收录了十九世纪法国美术大师柯罗、卢梭、杜普雷、杜比尼等画家的绘画作品,并对其作品进行了评述,多层面地展现了美术大师丰富多彩的艺术与人生。
461  0 @12001 @a大师·美术@1701 0@a张坚@Azhang jian@4主编
517 1  @a马奈、莫奈、雷诺阿@Ama nai、mo nai、lei nuo a
606 0  @a艺术@x流派@x画家@y法国
690    @aJ110.99@v4
701  0 @a张坚@Azhang jian@4著
801  0 @aCN@bTSSF@c20050923
905    @a10447@dJ110.99@e55
    
    写实主义与印象派时代:马奈、莫奈、雷诺阿/张坚著.-广州:暨南大学出版社,2002
    147页:图;20cm.-(大师·美术/张坚主编)
    
    
    ISBN 7-81079-169-9:CNY28.00
    本书收录了十九世纪法国美术大师柯罗、卢梭、杜普雷、杜比尼等画家的绘画作品,并对其作品进行了评述,多层面地展现了美术大师丰富多彩的艺术与人生。
●
相关链接 在E读中查询图书 在五车中查询图书 在当当中查询图书 在豆瓣中查询图书


正题名:写实主义与印象派时代     索取号:J110.99/55         预约/预借

序号 登录号 条形码 馆藏地/架位号 状态 备注
1 0362865   3628658   第一样本阅览室/ [索取号:J110.99/55] 在馆    
2 0362866   3628667   第一借阅区/ [索取号:J110.99/55] 在馆    
3 0362867   3628676   第一借阅区/ [索取号:J110.99/55] 在馆    
4 0362868   3628685   第一借阅区/ [索取号:J110.99/55] 在馆    
5 0362869   3628694   第一借阅区/ [索取号:J110.99/55] 在馆    
唐山师范学院图书馆 欢迎您!
大连网信软件有限公司© 版权所有